000 01209nam a22001937a 4500
005 20240903130007.0
010 _aB-750954- 974 CHHN 25.5.23
020 _a9788195053070
_c500.00
035 _aB-750954- 974
037 _aमर्यादा पुस्तक सदन
082 _a500
100 _aभाटिया, सुदर्शन
_970907
245 _aछात्रोपयोगी ज्ञान-विज्ञान प्रश्नोत्तरी /
_cसुदर्शन भाटिया
260 _aदिल्ली
_bमर्यादा पुस्तक सदन
_c2022
270 _a6/49, भू-तल गाली न.5 विश्वास नगर, शाहदरा
_bदिल्ली
_e110032
300 _a160पृ.
_c22सेमी (सजिल्द)
942 _2ddc
_cCH
_mभाटिया
_h500
999 _c196128
_d196128